000 00781nam a22001935i 4500
001 161933
003 ES-MaACL
005 20230906212404.0
008 940301s1871 sp |||| | spa d
080 _a94(37)
100 1 _aPerier, Carlos María.
_9131024
245 1 0 _aRoma y el catolicismo /
_cpor Carlos María Perier.
260 _aMadrid :
_b[s.n.],
_c1871 (
_fImp. de Gabriel Alhambra)
300 _a40 p. ;
_c20 cm.
651 4 _aRoma-
_xHistoria.
_99312
852 4 _aES-MaACL
_jT-123-F-3
_z- Enc. hol., falto de cub. original
_z- Enc. en un vol. facticio
852 4 _aES-MaACL
_jT-147-F-8
_z- Enc. hol., falto de cub. original
_z- Enc. en un vol. facticio
852 4 _aES-MaACL
_jT-160-F-12
_z- Enc. hol., falto de cub. original
_z- Enc. en un vol. facticio
999 _c161933
_d161933